[Event "Ambelokipi op 165th"]
[Site "Athens"]
[Date "2017.09.13"]
[Round "1"]
[White "Bouboulis, Spyridon Odysseys"]
[Black "Koutsompinas, Georgios"]
[Result "1-0"]
[WhiteElo "1949"]
[BlackElo "1576"]
[PlyCount "97"]
[EventDate "2017.09.13"]
[EventType "swiss"]
[EventRounds "7"]
[EventCountry "GRE"]
[SourceTitle "EXT 2024"]
[Source "ChessBase"]
[SourceDate "2023.10.10"]
[SourceVersion "1"]
[SourceVersionDate "2023.10.10"]
[SourceQuality "1"]

1. Nf3 Nf6 2. d4 d5 3. c4 e6 4. g3 c6 5. Qc2 Be7 6. Bg2 0-0 7. 0-0 b6 8. Rd1 dxc4 9. Qxc4 Bb7 10. Nc3 Nbd7 11. e4 Qc8 12. Bf4 b5 13. Qe2 b4 14. Na4 Ba6 15. Qe1 Bb5 16. b3 Qa6 17. Nb2 Rac8 18. Ne5 Nxe5 19. dxe5 Nh5 20. Be3 g6 21. Rd7 Qa3 22. Nc4 Bxc4 23. bxc4 Rfe8 24. Rxa7 Qb2 25. Rd1 Ra8 26. Qd2 Qxd2 27. Rxd2 Rxa7 28. Bxa7 c5 29. Rd7 Kf8 30. Bf3 Ng7 31. Bd1 Rc8 32. Ba4 Ne8 33. Rb7 Rc7 34. Rxc7 Nxc7 35. Bb6 Ne8 36. Kf1 Ng7 37. Ke2 h5 38. h4 Ne8 39. Kd3 f6 40. Bxe8 Kxe8 41. exf6 Bf8 42. Bc7 Kd7 43. Bf4 Kc6 44. Kc2 Kb6 45. Kb3 Kb7 46. Ka4 Kb6 47. f3 Ka6 48. Bc7 Kb7 49. Bd8 1-0

[Event "Ambelokipi op 161th"]
[Site "Athens"]
[Date "2016.11.16"]
[Round "2"]
[White "Koutsompinas, Georgios"]
[Black "Papadopoulos, Georgios Nikea"]
[Result "0-1"]
[WhiteElo "1620"]
[BlackElo "1986"]
[PlyCount "60"]
[EventDate "2016.11.09"]
[EventType "swiss"]
[EventRounds "7"]
[EventCountry "GRE"]
[SourceTitle "EXT 2024"]
[Source "ChessBase"]
[SourceDate "2023.10.10"]
[SourceVersion "1"]
[SourceVersionDate "2023.10.10"]
[SourceQuality "1"]

1. d4 Nf6 2. c4 e6 3. Nf3 d5 4. Nc3 Be7 5. Bf4 0-0 6. Rc1 b6 7. cxd5 Nxd5 8. e3 Bb7 9. Be2 Nxf4 10. exf4 Nd7 11. 0-0 Nf6 12. Qc2 Nd5 13. Nxd5 Bxd5 14. Rfd1 Qd6 15. Ng5 Bxg5 16. fxg5 Qf4 17. Qd2 Qd6 18. Qc3 Rfd8 19. Ba6 c6 20. a4 Rab8 21. Be2 a5 22. h4 Qf4 23. Qh3 Rdc8 24. Rc3 Rd8 25. g3 Qd6 26. h5 Qe7 27. g6 fxg6 28. hxg6 hxg6 29. Qg4 Qf6 30. Bd3 Qf3 0-1

[Event "Petroupoli Master Division "]
[Site "Petroupoli"]
[Date "2012.11.21"]
[Round "3.17"]
[White "Sidiropoulos, Leonidas"]
[Black "Koutsompinas, Georgios"]
[Result "1/2-1/2"]
[WhiteElo "1754"]
[BlackElo "1681"]
[PlyCount "68"]
[EventDate "2012.11.07"]
[EventType "swiss"]
[EventRounds "7"]
[EventCountry "GRE"]
[SourceTitle "EXT 2024"]
[Source "ChessBase"]
[SourceDate "2023.10.10"]
[SourceVersion "1"]
[SourceVersionDate "2023.10.10"]
[SourceQuality "1"]

1. d4 d5 2. c4 c6 3. Nc3 Nf6 4. Bf4 e6 5. e3 Be7 6. h3 0-0 7. Nf3 Nbd7 8. Bd3 dxc4 9. Bxc4 Nd5 10. Bh2 Nxc3 11. bxc3 b6 12. 0-0 Bb7 13. Qe2 c5 14. Ba6 Qc8 15. Bxb7 Qxb7 16. a4 Rac8 17. Rfc1 cxd4 18. exd4 Rfd8 19. a5 b5 20. Rab1 a6 21. c4 Ba3 22. Rc3 Bf8 23. Rcb3 Qa7 24. cxb5 axb5 25. Qxb5 Rc2 26. R3b2 Rdc8 27. Bf4 e5 28. Rxc2 Rxc2 29. Be3 exd4 30. Bxd4 Bc5 31. Qa4 Re2 32. Qb5 Rc2 33. Qa4 Re2 34. Qb5 Rc2 1/2-1/2

[Event "Petroupoli op 10th"]
[Site "Petroupoli"]
[Date "2012.10.27"]
[Round "7"]
[White "Kavvadas, Dionisios"]
[Black "Koutsompinas, Georgios"]
[Result "0-1"]
[WhiteElo "1287"]
[BlackElo "1694"]
[PlyCount "108"]
[EventDate "2012.10.06"]
[EventType "swiss"]
[EventRounds "7"]
[EventCountry "GRE"]
[SourceTitle "EXT 2013"]
[Source "ChessBase"]
[SourceDate "2012.11.22"]
[SourceVersion "1"]
[SourceVersionDate "2012.11.22"]
[SourceQuality "1"]

1. e4 c6 2. d4 d5 3. Nd2 dxe4 4. Nxe4 Bf5 5. Ng3 Bg6 6. h4 h6 7. Nf3 Nd7 8. h5 Bh7 9. Bd3 Bxd3 10. Qxd3 e6 11. Bf4 Ngf6 12. 0-0-0 Be7 13. Ne2 Qa5 14. a3 0-0-0 15. Qb3 Rhg8 16. Nc3 Nxh5 17. Bd2 Qf5 18. Rde1 Nf4 19. Bxf4 Qxf4+ 20. Kb1 Bf6 21. Ne2 Qd6 22. Qa4 Kb8 23. Rd1 Nb6 24. Qb3 Qd5 25. Qb4 Qc4 26. Qxc4 Nxc4 27. Ng3 Rd7 28. c3 Rd5 29. a4 b5 30. b3 Na5 31. b4 Nc4 32. a5 Nd6 33. Rd2 Bg5 34. Nxg5 Rxg5 35. Rh5 Rxh5 36. Nxh5 Ne4 37. Rc2 g6 38. Nf4 h5 39. Kb2 Rh8 40. Re2 Nd6 41. Kc2 h4 42. Re5 Nf5 43. Re4 g5 44. Nh3 Rg8 45. Rg4 f6 46. f4 Ne3+ 47. Kd2 Nxg4 48. fxg5 fxg5 49. Ke2 Nf6 50. Kf2 Ne4+ 51. Ke3 Nxc3 52. Kd3 Nd5 53. Ke4 Nxb4 54. Ke5 Rg6 0-1

[Event "Petroupoli op 10th"]
[Site "Petroupoli"]
[Date "2012.10.24"]
[Round "6"]
[White "Koutsompinas, Georgios"]
[Black "Katopodis, Ioannis"]
[Result "0-1"]
[WhiteElo "1694"]
[BlackElo "1713"]
[PlyCount "54"]
[EventDate "2012.10.06"]
[EventType "swiss"]
[EventRounds "7"]
[EventCountry "GRE"]
[SourceTitle "EXT 2013"]
[Source "ChessBase"]
[SourceDate "2012.11.22"]
[SourceVersion "1"]
[SourceVersionDate "2012.11.22"]
[SourceQuality "1"]

1. d4 d5 2. c4 c6 3. Nc3 Nf6 4. Nf3 e6 5. Bf4 dxc4 6. a4 Bb4 7. e3 Nd5 8. Qc2 Qa5 9. Rc1 b5 10. axb5 cxb5 11. Be2 Qa2 12. 0-0 Bxc3 13. bxc3 Qxc2 14. Rxc2 Nxf4 15. exf4 Bb7 16. Rb2 a6 17. Ne5 Bd5 18. Bh5 0-0 19. Re1 f6 20. Nf3 g6 21. Bg4 f5 22. Bh3 Bxf3 23. gxf3 Kf7 24. Ra1 Nc6 25. Bf1 Ra7 26. Rba2 Rfa8 27. Be2 Ne7 0-1

[Event "Petroupoli op 10th"]
[Site "Petroupoli"]
[Date "2012.10.10"]
[Round "2"]
[White "Koutsompinas, Georgios"]
[Black "Anagnostou, Ioannis"]
[Result "0-1"]
[WhiteElo "1694"]
[BlackElo "2002"]
[PlyCount "64"]
[EventDate "2012.10.06"]
[EventType "swiss"]
[EventRounds "7"]
[EventCountry "GRE"]
[SourceTitle "EXT 2013"]
[Source "ChessBase"]
[SourceDate "2012.11.22"]
[SourceVersion "1"]
[SourceVersionDate "2012.11.22"]
[SourceQuality "1"]

1. d4 e6 2. c4 f5 3. Nf3 Nf6 4. g3 d5 5. Bg2 c6 6. 0-0 Bd6 7. b3 Qe7 8. a4 a5 9. Ba3 Bxa3 10. Nxa3 0-0 11. Re1 Bd7 12. Ne5 Be8 13. f3 Bh5 14. Qd2 Nbd7 15. Nxd7 Qxd7 16. Nb1 dxc4 17. bxc4 Rfd8 18. Rd1 Qe7 19. Qb2 e5 20. e3 e4 21. Qf2 exf3 22. Bxf3 Bxf3 23. Qxf3 Ng4 24. Ra3 Re8 25. Rdd3 Qb4 26. Nd2 Qb2 27. h3 Nxe3 28. Rab3 Qc1+ 29. Kh2 Re7 30. Rbc3 Qe1 31. Rxe3 Qxd2+ 32. Kh1 Rae8 0-1

[Event "Petroupoli op 5th"]
[Site "Petroupoli"]
[Date "2012.09.15"]
[Round "3"]
[White "Vlassopoulos, Nikos"]
[Black "Koutsompinas, Georgios"]
[Result "0-1"]
[WhiteElo "1412"]
[BlackElo "1694"]
[PlyCount "76"]
[EventDate "2012.09.08"]
[EventType "swiss"]
[EventRounds "7"]
[EventCountry "GRE"]
[SourceTitle "CBM 150 Extra"]
[Source "ChessBase"]
[SourceDate "2012.10.19"]
[SourceVersion "1"]
[SourceVersionDate "2012.10.19"]
[SourceQuality "1"]

1. e4 c6 2. d4 d5 3. e5 c5 4. c3 Nc6 5. Be3 Qb6 6. Qd2 cxd4 7. cxd4 Bg4 8. Be2 Bxe2 9. Nxe2 e6 10. Nbc3 Nge7 11. Ng3 h5 12. h4 Ng6 13. Rd1 Be7 14. Bg5 a6 15. Bxe7 Ngxe7 16. Nce2 Ng6 17. Rb1 Rc8 18. b3 Qd8 19. Nf4 Nxf4 20. Qxf4 Nb4 21. Qd2 Qb6 22. 0-0 Rc2 23. Qg5 g6 24. Qf6 Rf8 25. Rbc1 Qxd4 26. a3 Qd2 27. Rxc2 Nxc2 28. Qf3 Nd4 29. Qd1 Qxd1 30. Rxd1 Nxb3 31. Rd3 Nc5 32. Rc3 b6 33. Ne2 Kd7 34. Nd4 Rc8 35. Nf3 Ne4 36. Rxc8 Kxc8 37. Kf1 Kd7 38. Ke2 b5 0-1

[Event "Petroupoli op 5th"]
[Site "Petroupoli"]
[Date "2012.09.08"]
[Round "1"]
[White "Spyropoulos, Nikolaos"]
[Black "Koutsompinas, Georgios"]
[Result "0-1"]
[WhiteElo "1238"]
[BlackElo "1694"]
[PlyCount "94"]
[EventDate "2012.09.08"]
[EventType "swiss"]
[EventRounds "7"]
[EventCountry "GRE"]
[SourceTitle "CBM 150 Extra"]
[Source "ChessBase"]
[SourceDate "2012.10.19"]
[SourceVersion "1"]
[SourceVersionDate "2012.10.19"]
[SourceQuality "1"]

1. e4 c6 2. d4 d5 3. exd5 cxd5 4. Bf4 Nf6 5. Nf3 Bg4 6. Be2 Nc6 7. 0-0 Qb6 8. b3 Bxf3 9. Bxf3 Qxd4 10. Qxd4 Nxd4 11. Bd1 Rc8 12. Nd2 e6 13. Be3 Nc6 14. Nf3 Ba3 15. Be2 a6 16. Bc1 Bxc1 17. Raxc1 0-0 18. a3 Rc7 19. Bd3 Rfc8 20. Rfe1 Na5 21. Nd4 Nd7 22. h3 g6 23. f4 Nc5 24. Be2 Ncxb3 25. Nxb3 Nxb3 26. Rb1 Nd4 27. Rb2 Rxc2 28. Rxc2 Rxc2 29. Bd3 Rc3 30. Rd1 Nc6 31. a4 Kg7 32. Bf1 Ra3 33. Rb1 Rxa4 34. Rxb7 Nd4 35. Ra7 a5 36. Rb7 Nf5 37. Rb5 Ra1 38. Rb3 a4 39. Rc3 a3 40. Rb3 a2 41. Ra3 Ne3 42. Rxe3 Rxf1+ 43. Kxf1 a1Q+ 44. Re1 Qd4 45. g3 Qd3+ 46. Kg1 Qxg3+ 47. Kf1 Qxf4+ 0-1

[Event "Petroupoli ASOP Dias op 4th"]
[Site "Petroupoli"]
[Date "2011.06.04"]
[Round "1"]
[White "Spirou, Georgios"]
[Black "Koutsompinas, Georgios"]
[Result "0-1"]
[WhiteElo "1000"]
[BlackElo "1749"]
[PlyCount "48"]
[EventDate "2011.06.04"]
[EventType "swiss"]
[EventRounds "7"]
[EventCountry "GRE"]
[SourceTitle "EXT 2024"]
[Source "ChessBase"]
[SourceDate "2023.10.10"]
[SourceVersion "1"]
[SourceVersionDate "2023.10.10"]
[SourceQuality "1"]

1. d4 d5 2. Nf3 Nf6 3. c4 e6 4. Nc3 c6 5. e3 a6 6. a3 Be7 7. Bd3 dxc4 8. Bxc4 b5 9. Bd3 0-0 10. 0-0 Nbd7 11. e4 Re8 12. Re1 Bb7 13. h3 c5 14. d5 exd5 15. exd5 Nb6 16. Bg5 Nbxd5 17. Nxd5 Nxd5 18. Bxe7 Rxe7 19. Qc2 Rxe1+ 20. Rxe1 Nf6 21. Rd1 Qc7 22. b3 h6 23. Rc1 Rd8 24. Qxc5 Qxc5 0-1

[Event "Ambelokipi op 105th"]
[Site "Athens"]
[Date "2010.05.08"]
[Round "1"]
[White "Marianidis, Dimitrios"]
[Black "Koutsompinas, Georgios"]
[Result "1-0"]
[WhiteElo "1889"]
[BlackElo "1769"]
[PlyCount "55"]
[EventDate "2010.05.08"]
[EventType "swiss"]
[EventRounds "5"]
[EventCountry "GRE"]
[SourceTitle "EXT 2024"]
[Source "ChessBase"]
[SourceDate "2023.10.10"]
[SourceVersion "1"]
[SourceVersionDate "2023.10.10"]
[SourceQuality "1"]

1. e4 c6 2. c4 e5 3. Nc3 Bc5 4. a3 Nf6 5. Be2 d5 6. cxd5 0-0 7. Nf3 cxd5 8. exd5 e4 9. Ne5 Nxd5 10. Nxe4 Bd4 11. Nf3 Nf4 12. 0-0 Re8 13. d3 Nxe2+ 14. Qxe2 Bg4 15. Bg5 Qb6 16. Nf6+ gxf6 17. Qxe8+ Kg7 18. Nxd4 Qxd4 19. Be3 Qxd3 20. Qa4 Bd7 21. Qh4 Qg6 22. Rad1 Bc6 23. Qh3 a5 24. Rd8 b5 25. Rfd1 Na6 26. Rxa8 Bxa8 27. Bc1 a4 28. Rd3 1-0